<?xml version="1.0" encoding="UTF-8"?>
<marc:record xmlns:marc="http://www.loc.gov/MARC21/slim">
   <marc:leader>00000nam a2200000 a 4500</marc:leader>
   <marc:datafield ind1="1" ind2=" " tag="100">
      <marc:subfield code="a">Gomez-Jurado, Juan</marc:subfield>
      <marc:subfield code="4">aut</marc:subfield>
      <marc:subfield code="e">Verfasser/-in</marc:subfield>
   </marc:datafield>
   <marc:datafield ind1="0" ind2="0" tag="245">
      <marc:subfield code="a">Die Rache</marc:subfield>
   </marc:datafield>
   <marc:datafield ind1="0" ind2="0" tag="245">
      <marc:subfield code="b">sie haben nichts zu verlieren</marc:subfield>
   </marc:datafield>
   <marc:datafield ind1=" " ind2="1" tag="264">
      <marc:subfield code="b">Bastei  Lübbe AG</marc:subfield>
      <marc:subfield code="c">2024</marc:subfield>
   </marc:datafield>
   <marc:datafield ind1="1" ind2=" " tag="520">
      <marc:subfield code="a">Sie haben alles verloren, sogar die Angst. Und genau das macht diese drei Frauen so gefährlich, Aura, eine ehemalige Bankerin, der ein millionenschwerer Betrug zur Last gelegt wird. Mari Paz, eine Ex-Elitesoldatin mit Alkoholproblem, die seit Jahren in ihrem Auto lebt. Und Sere, eine geniale Informatikerin, die von ihrem Mann und dem Leben betrogen wurde.</marc:subfield>
   </marc:datafield>
   <marc:datafield ind1="3" ind2=" " tag="024">
      <marc:subfield code="a">6127720982</marc:subfield>
   </marc:datafield>
</marc:record>
